[Event "IECG C1.1998.0.00109"]
[Site "IECG email"]
[Date "1998.01.31"]
[Round "?"]
[White "Casas, Carles"]
[Black "Benassi, Aspasio"]
[Result "0-1"]
[WhiteElo "2095"]
[BlackElo "1995"]
[PlyCount "42"]
[EventDate "1998.01.31"]
[EventType "tourn (corr)"]
[EventRounds "6"]
[SourceTitle "Corr 2008"]
[Source "ChessBase"]
[SourceDate "2008.06.24"]
[SourceVersion "1"]
[SourceVersionDate "2008.06.24"]
[SourceQuality "1"]

1. e4 c5 2. Nf3 Nc6 3. Bb5 g6 4. 0-0 Bg7 5. c3 Nf6 6. d4 Nxe4 7. d5 Nd6 8. Bd3 Ne5 9. Nxe5 Bxe5 10. Bh6 f5 11. Re1 Bf6 12. Nd2 Nf7 13. Bf4 0-0 14. Nf3 b6 15. Qd2 Bb7 16. Bc2 e6 17. dxe6 dxe6 18. Rxe6 Bxf3 19. gxf3 Bg5 20. Qe3 Bxf4 21. Qxf4 Ng5 0-1